000 00544nam a22002297a 4500
003 UA-OsUOA
001 20382
007 ta
008 20031028b un ||||| |||| 00| 0 ukr d
090 _a910.1 (47+57)
_bФ56
942 _cBK
040 _aUA-OsUOA
_brus
_cUA-OsUOA
_dUA-OsUOA
245 _aФилософские вопросы географии
300 _a46 с.
955 _a0
041 _arus
080 _a910.1 (47+57)
260 _aМосква
_bЗнание
_c1977
044 _aRU
650 7 _2UDC
999 _c306559
_d306559